000 00483nam a2200181Ia 4500
003 GCL
008 140319s9999 xx 000 0 eng d
040 _aGCL /
_cGCL
082 0 4 _a581.6303
_bB R
100 1 _aBOWN, DENI
245 1 0 _aTHE ROYAL HORTCULTURAL SOCIETY ENCYCLOPEDIA OF HERBS /
_cBOWN, DENI
260 _a[S.N] :
_bDORLING KINDERSLEY ،
_c1995
300 _a424 P
650 0 4 _aENCYCLOPEDIES
650 0 4 _aHERBS
650 0 4 _aHERBS - ENCYCLOPEDIA
942 _2ddc
_cBK
999 _c13564
_d13564